| 000 | 00945nam a22002417a 4500 | ||
|---|---|---|---|
| 005 | 20170124103221.0 | ||
| 010 | _aB-013981 | ||
| 020 | _c00.00 | ||
| 035 | _aB-013981 | ||
| 037 | _bCen Lib/Ret | ||
| 040 |
_aDPL _bHN |
||
| 082 |
_a331.70 _bनोटिया |
||
| 100 |
_aनोटियाल, ज. प्र. _9101311 |
||
| 245 |
_aउध्योगएवं रोजगार तथा बैंक सहायता / _c ज. प्र. नोटियाल |
||
| 246 |
_aUdhyog evam rojgar tatha bank sahayta _bby J.Pra. Notiyal |
||
| 260 | _b | ||
| 300 |
_a176पृष्ठ. _c20सेमी(सजिल्द) |
||
| 650 |
_aलेबर अर्थशास्त्र _9101312 |
||
| 650 |
_aप्रधानमंत्री रोजगार योजना _984725 |
||
| 650 |
_aLabour Economics _92771 |
||
| 650 |
_aPMR Y New _9101313 |
||
| 942 |
_2ddc _cHN _h331.70 _mनोटिया |
||
| 999 |
_c121841 _d121841 |
||